<?xml version="1.0" encoding="UTF-8"?>
<collection xmlns="http://www.loc.gov/MARC21/slim">
 <record>
  <leader>05068nam a2200577 i 4500</leader>
  <controlfield tag="001">elibro.ELB178131</controlfield>
  <controlfield tag="003">FINmELB</controlfield>
  <controlfield tag="005">20211125111212.0</controlfield>
  <controlfield tag="006">m     o  u        </controlfield>
  <controlfield tag="007">cr cn|||||||||</controlfield>
  <controlfield tag="008">211125s2020    ck     gob    000 0 spa d</controlfield>
  <datafield tag="020" ind1=" " ind2=" ">
   <subfield code="a">9789587815603</subfield>
   <subfield code="q">(e-book)</subfield>
  </datafield>
  <datafield tag="035" ind1=" " ind2=" ">
   <subfield code="a">(OCoLC)1289860546</subfield>
  </datafield>
  <datafield tag="040" ind1=" " ind2=" ">
   <subfield code="a">FINmELB</subfield>
   <subfield code="b">spa</subfield>
   <subfield code="e">rda</subfield>
   <subfield code="c">FINmELB</subfield>
  </datafield>
  <datafield tag="050" ind1=" " ind2="4">
   <subfield code="a">H62</subfield>
   <subfield code="b">.F533 2020</subfield>
  </datafield>
  <datafield tag="080" ind1=" " ind2=" ">
   <subfield code="a">3</subfield>
  </datafield>
  <datafield tag="082" ind1="0" ind2="4">
   <subfield code="a">300.72</subfield>
   <subfield code="2">23</subfield>
  </datafield>
  <datafield tag="100" ind1="1" ind2=" ">
   <subfield code="a">Flórez Flórez, María Juliana,</subfield>
   <subfield code="e">autora.</subfield>
  </datafield>
  <datafield tag="245" ind1="1" ind2="0">
   <subfield code="a">Investigar a la intemperie :</subfield>
   <subfield code="b">reflexiones sobre métodos desde las ciencias sociales en el oficio /</subfield>
   <subfield code="c">autores María Juliana Flórez Flórez [y otros nueve] ; editor académico Carlos Arturo López Jiménez.</subfield>
  </datafield>
  <datafield tag="250" ind1=" " ind2=" ">
   <subfield code="a">Primera edición.</subfield>
  </datafield>
  <datafield tag="264" ind1=" " ind2="1">
   <subfield code="a">Bogotá :</subfield>
   <subfield code="b">Editorial Pontificia Universidad Javeriana,</subfield>
   <subfield code="c">2020.</subfield>
  </datafield>
  <datafield tag="300" ind1=" " ind2=" ">
   <subfield code="a">1 recurso en línea (228 páginas)</subfield>
  </datafield>
  <datafield tag="336" ind1=" " ind2=" ">
   <subfield code="a">texto</subfield>
   <subfield code="b">txt</subfield>
   <subfield code="2">rdacontent/spa</subfield>
  </datafield>
  <datafield tag="337" ind1=" " ind2=" ">
   <subfield code="a">computadora</subfield>
   <subfield code="b">c</subfield>
   <subfield code="2">rdamedia/spa</subfield>
  </datafield>
  <datafield tag="338" ind1=" " ind2=" ">
   <subfield code="a">recurso en línea</subfield>
   <subfield code="b">cr</subfield>
   <subfield code="2">rdacarrier/spa</subfield>
  </datafield>
  <datafield tag="504" ind1=" " ind2=" ">
   <subfield code="a">Incluye referencias bibliográficas (páginas 227-231).</subfield>
  </datafield>
  <datafield tag="505" ind1="0" ind2="0">
   <subfield code="t">Por una política de lo turbio : </subfield>
   <subfield code="t">prácticas de investigaciónfeministas /</subfield>
   <subfield code="r">María Juliana Flórez Flórez y María Carolina Olarte-Olarte --</subfield>
   <subfield code="t">Del cuerpo al mundo, del mundo al cuerpo : etnografía, migración y cuidado/</subfield>
   <subfield code="r">Camila Esguerra Muelle --</subfield>
   <subfield code="g">Una</subfield>
   <subfield code="t">aproximación metod oló gica al silenciocomo sitio de sentido : conversaciones sobre producción de cono cimiento yprincipios éticos /</subfield>
   <subfield code="r">Tatiana Sánchez Parra --</subfield>
   <subfield code="t">Políticas públicas yperspectivas críticas : una aproximación para su análisis /</subfield>
   <subfield code="r">María FernandaSañudo Pazos y Jorge Daniel Leal Fagúndez --</subfield>
   <subfield code="t">De los modelos econométricos alas prácticas económicas : desplazamiento metodológico para el estudio delas economías propias /</subfield>
   <subfield code="r"> Natalia Castillo Rojas --</subfield>
   <subfield code="t">Contracarto grafías:métodos en investigación socioespacial crítica /</subfield>
   <subfield code="r">Diana Carolina Ojeda Ojeda--</subfield>
   <subfield code="g">Un</subfield>
   <subfield code="t">método para estudiar la hegemonía : el análisis estructural decontenido /</subfield>
   <subfield code="r">Martha Lucía Márquez Restrepo --</subfield>
   <subfield code="g">Tramitar la incertidumbre :cuestiones de método en una historia de las prácticas de escritura /</subfield>
   <subfield code="r">CarlosArturo López Jiménez.</subfield>
  </datafield>
  <datafield tag="520" ind1=" " ind2=" ">
   <subfield code="a">El ejercicio contemporáneo de la investigación en las diferentesciencias sociales implica pensar constantemente en los procesos metodológicos,su naturaleza, la supremacía del problema de investigación sobre los límitesdisciplinares y la incidencia de su trabajo en el presente, esto es, supolítica. Estos cuatro planos conforman un volumen que se ajusta, a su vez, enfunción de las fuentes, las preguntas de investigación, sus objetivos, lasituación de quien investiga? Así, pensar el método involucra unacombinatoria permanente de elementos que desborda los aspectos procedimentalesy, por tanto, una falta de resguardo metodológico, disciplinar y ontológico,pues ni siquiera las comunidades con que dialogamos o las fuentes con quetrabajamos nos garantizan de antemano su forma o su estabilidad a largo plazo.Esta triple falta de garantía nos pone a la intemperie, ante el devenir de untrabajo que nunca promete resultados definitivos, o al menos duraderos, peroque sí hace apuestas políticas, como ocurre con los ocho capítulos quereúne Investigar a la intemperie, producidos por investigadoras del Institutode Estudios Sociales y Culturales Pensar. Estos trabajos presentan reflexionesde métodos tomadas del oficio cotidiano de investigación en ámbitos como lamigración, las políticas públicas, la producción de espacialidades, desaberes formales y no formales, de cuerpos definidos por las especificidadeslocales del conflicto armando colombiano, y desde perspectivas críticas comolos estudios feministas, decoloniales, culturales y de las migraciones.</subfield>
  </datafield>
  <datafield tag="588" ind1=" " ind2=" ">
   <subfield code="a">Descripción basada en metadatos suministrados por el editor y otras fuentes.</subfield>
  </datafield>
  <datafield tag="590" ind1=" " ind2=" ">
   <subfield code="a">Recurso electrónico. Santa Fe, Arg.: elibro, 2021. Disponible vía World Wide Web. El acceso puede estar limitado para las bibliotecas afiliadas a elibro.</subfield>
  </datafield>
  <datafield tag="650" ind1=" " ind2="0">
   <subfield code="a">Social sciences</subfield>
   <subfield code="x">Research.</subfield>
  </datafield>
  <datafield tag="650" ind1=" " ind2="0">
   <subfield code="a">Science</subfield>
   <subfield code="x">Methodology.</subfield>
  </datafield>
  <datafield tag="650" ind1=" " ind2="0">
   <subfield code="a">Interdisciplinary research.</subfield>
  </datafield>
  <datafield tag="650" ind1=" " ind2="0">
   <subfield code="a">Social sciences</subfield>
   <subfield code="x">Methodology.</subfield>
  </datafield>
  <datafield tag="650" ind1=" " ind2="4">
   <subfield code="a">Investigación en ciencias sociales.</subfield>
  </datafield>
  <datafield tag="650" ind1=" " ind2="4">
   <subfield code="a">Metodología científica.</subfield>
  </datafield>
  <datafield tag="650" ind1=" " ind2="4">
   <subfield code="a">Investigación interdisciplinaria.</subfield>
  </datafield>
  <datafield tag="650" ind1=" " ind2="4">
   <subfield code="a">Metodología en ciencias sociales.</subfield>
  </datafield>
  <datafield tag="650" ind1=" " ind2="4">
   <subfield code="a">Ciencias sociales.</subfield>
  </datafield>
  <datafield tag="655" ind1=" " ind2="4">
   <subfield code="a">Libros electrónicos.</subfield>
  </datafield>
  <datafield tag="700" ind1="1" ind2=" ">
   <subfield code="a">López Jiménez, Carlos Arturo,</subfield>
   <subfield code="e">autor,</subfield>
   <subfield code="e">editor académico.</subfield>
  </datafield>
  <datafield tag="700" ind1="1" ind2=" ">
   <subfield code="a">Leal Fagúndez, Jorge Daniel,</subfield>
   <subfield code="e">autor.</subfield>
  </datafield>
  <datafield tag="700" ind1="1" ind2=" ">
   <subfield code="a">Márquez Restrepo, Martha Lucía,</subfield>
   <subfield code="e">autora.</subfield>
  </datafield>
  <datafield tag="700" ind1="1" ind2=" ">
   <subfield code="a">Esguerra Muelle, Camila,</subfield>
   <subfield code="e">autora.</subfield>
  </datafield>
  <datafield tag="700" ind1="1" ind2=" ">
   <subfield code="a">Ojeda-Ojeda, Diana Carolina,</subfield>
   <subfield code="e">autora.</subfield>
  </datafield>
  <datafield tag="700" ind1="1" ind2=" ">
   <subfield code="a">Olarte-Olarte, María Carolina,</subfield>
   <subfield code="e">autora.</subfield>
  </datafield>
  <datafield tag="700" ind1="1" ind2=" ">
   <subfield code="a">Castillo Rojas, Natalia,</subfield>
   <subfield code="e">autora.</subfield>
  </datafield>
  <datafield tag="700" ind1="1" ind2=" ">
   <subfield code="a">Sánchez Parra, Tatiana,</subfield>
   <subfield code="e">autora.</subfield>
  </datafield>
  <datafield tag="700" ind1="1" ind2=" ">
   <subfield code="a">Sañudo Pazos, María Fernanda,</subfield>
   <subfield code="e">autora.</subfield>
  </datafield>
  <datafield tag="797" ind1="2" ind2=" ">
   <subfield code="a">elibro, Corp.</subfield>
  </datafield>
  <datafield tag="856" ind1="4" ind2="0">
   <subfield code="u">https://elibro.net/ereader/unsbiblio/178131</subfield>
  </datafield>
 </record>
</collection>
